000 nam a22 7a 4500
999 _c10274
_d10274
008 180213b ||||| |||| 00| 0 eng d
100 _aBhannot, P P
_96252
245 _aEnglish grammer Class - III
260 _aNew Delhi
_bHoly faith Publication
_c2012